The cross of iron. (Record no. 130500)
[ view plain ]
| 000 -LEADER | |
|---|---|
| fixed length control field | 00761cam a22002411 4500 |
| 001 - CONTROL NUMBER | |
| control field | 6526139 |
| 005 - DATE AND TIME OF LATEST TRANSACTION | |
| control field | 20201015120607.0 |
| 008 - FIXED-LENGTH DATA ELEMENTS--GENERAL INFORMATION | |
| fixed length control field | 741004s1956 inua 000 1 eng |
| 010 ## - LIBRARY OF CONGRESS CONTROL NUMBER | |
| LC control number | 56007605 |
| 035 ## - SYSTEM CONTROL NUMBER | |
| System control number | (OCoLC)1030781 |
| 040 ## - CATALOGING SOURCE | |
| Original cataloging agency | DLC |
| Transcribing agency | MBU |
| Modifying agency | OCoLC |
| -- | DLC |
| 041 1# - LANGUAGE CODE | |
| Language code of text/sound track or separate title | eng |
| Language code of original and/or intermediate translations of text | ger |
| 042 ## - AUTHENTICATION CODE | |
| Authentication code | premarc |
| 050 00 - LIBRARY OF CONGRESS CALL NUMBER | |
| Classification number | PZ4.H469 |
| Item number | C7 |
| 100 1# - MAIN ENTRY--PERSONAL NAME | |
| Personal name | Heinrich, Willi, |
| Dates associated with a name | 1920- |
| 9 (RLIN) | 49871 |
| 245 14 - TITLE STATEMENT | |
| Title | The cross of iron. |
| Statement of responsibility, etc | Translated from the German by Richard and Clara Winston. |
| 260 ## - PUBLICATION, DISTRIBUTION, ETC. (IMPRINT) | |
| Place of publication, distribution, etc | Indianapolis, |
| Name of publisher, distributor, etc | Bobbs-Merrill |
| Date of publication, distribution, etc | [1956] |
| 300 ## - PHYSICAL DESCRIPTION | |
| Extent | 456 p. |
| Other physical details | illus. 22 cm. |
| 500 ## - GENERAL NOTE | |
| General note | Translation of Das geduldige Fleisch. |
| 650 #0 - SUBJECT ADDED ENTRY--TOPICAL TERM | |
| Topical term or geographic name as entry element | World War, 1939-1945 |
| Form subdivision | Fiction. |
| 9 (RLIN) | 27050 |
| 906 ## - LOCAL DATA ELEMENT F, LDF (RLIN) | |
| a | 7 |
| b | cbc |
| c | oclcrpl |
| d | u |
| e | ncip |
| f | 19 |
| g | y-gencatlg |
| 942 ## - ADDED ENTRY ELEMENTS (KOHA) | |
| Source of classification or shelving scheme | Library of Congress Classification |
| Item type | Monograph ( Printed materials) |
| Withdrawn status | Lost status | Source of classification or shelving scheme | Damaged status | Not for loan | Collection code | Home library | Current library | Shelving location | Date acquired | Total Checkouts | Full call number | Barcode | Date last seen | Price effective from | Koha item type |
|---|---|---|---|---|---|---|---|---|---|---|---|---|---|---|---|
| Library of Congress Classification | Main Collection | ARRUPE LIBRARY | ARRUPE LIBRARY | Main Collection | 15/10/2020 | PZ4.H469 C7 | 46600008077 | 15/10/2020 | 15/10/2020 | Monograph ( Printed materials) |